Manual de la sucesión por causa de muerte y donaciones entre vivos.
Furkejuvvon:
| Váldodahkki: | |
|---|---|
| Materiálatiipa: | Girji |
| Almmustuhtton: |
Santiago, Chile:
Jurídica de Chile,
1959.
|
| Preanttus: | 3ª edición. |
| Ráidu: | Colección Manuales Jurídicos
|
| Fáttát: | |
| Fáddágilkorat: |
Lasit fáddágilkoriid
Eai fáddágilkorat, Lasit vuosttaš fáddágilkora!
|
MARC
| LEADER | 00000nam a2200000 a 4500 | ||
|---|---|---|---|
| 001 | UCI2894 | ||
| 003 | CL-VaPUC | ||
| 005 | 20240429105208.0 | ||
| 008 | 240411t1959 ||||| |||| 00| 0 eng d | ||
| 999 | |c 443495 |d 443493 | ||
| 040 | |c Pontificia Universidad Católica de Valparaíso | ||
| 082 | 0 | 4 | |a 346.052 MEZ 1959 |2 21 |
| 100 | |a Meza Barros, Ramón |e autor |9 764188 | ||
| 245 | 1 | 0 | |a Manual de la sucesión por causa de muerte y donaciones entre vivos. |
| 250 | |a 3ª edición. | ||
| 260 | |a Santiago, Chile: |b Jurídica de Chile, |c 1959. | ||
| 300 | |a 602 páginas. | ||
| 490 | 0 | |a Colección Manuales Jurídicos |n N° 51. | |
| 500 | |a c.1 Donación Sr. Jorge López Santa María. MEMO DER Nº14 / 26-3-2024 | ||
| 583 | |k Catalogador Asistente |c 20240429 | ||
| 650 | 0 | |a Derecho sucesorio |9 255015 | |
| 650 | 0 | |a Herencia |9 256325 | |
| 650 | 0 | |a Testamento |9 258220 | |
| 650 | 0 | |a Donaciones |2 CL-VaPUC |9 371911 | |
| 650 | 0 | |a Herederos |2 CL-VaPUC |9 357054 | |
| 651 | 0 | |a Chile |2 CL-VaPUC |9 254862 | |
| 942 | |c BK |2 ddc | ||
| 952 | |0 0 |1 0 |2 ddc |4 0 |6 346_052000000000000_MEZ_1959 |7 0 |8 A |9 594037 |a BIBDER |b BIBDER |d 2024-04-11 |e Donación |i 5660654 |o 346.052 MEZ 1959 |p 5660654 |r 2024-04-11 |t 1 |w 2024-04-11 |y BK |k DER | ||